Gminy powiatu Przemyskiego - Statystyki

Ogólne statystyki
  • Ten quiz został rozwiązany 41 razy
  • Średni wynik to 5 z 10
Statystyki odpowiedzi
Odpowiedź % Poprawnych
Przemyśl
95%
Medyka
73%
Żurawica
64%
Dubiecko
59%
Bircza
55%
Orły
50%
Stubno
45%
Fredropol
36%
Krasiczyn
36%
Krzywcza
32%
Nie znaleziono quizów pasujących do podanych kryteriów
Rozkład punktacji
Procent ludzi z każdym wynikiem
Percentyl według liczby udzielonych odpowiedzi
Twoja historia wyników
Nie rozwiązałeś tego quizu